Los jefes : (Registro nro. 7438)
[ vista simple ]
| 000 -LEADER | |
|---|---|
| fixed length control field | 01054cam a2200277 i 4500 |
| 003 - CONTROL NUMBER IDENTIFIER | |
| control field | OSt |
| 005 - DATE AND TIME OF LATEST TRANSACTION | |
| control field | 20250505125012.0 |
| 008 - FIXED-LENGTH DATA ELEMENTS--GENERAL INFORMATION | |
| fixed length control field | 170222t20012001ck er 000 1 spa d |
| 020 ## - INTERNATIONAL STANDARD BOOK NUMBER | |
| International Standard Book Number | 9588089190 |
| 040 ## - CATALOGING SOURCE | |
| Original cataloging agency | CO-BoBLA |
| Transcribing agency | CO-JMCR |
| 041 0# - LANGUAGE CODE | |
| Language code of text/sound track or separate title | spa |
| 082 04 - DEWEY DECIMAL CLASSIFICATION NUMBER | |
| Classification number | A-N |
| Item number | VARj |
| Edition number | 23 |
| 100 1# - MAIN ENTRY--PERSONAL NAME | |
| Personal name | Vargas Llosa, Mario, |
| Relator term | autor |
| 9 (RLIN) | 14344 |
| 245 14 - TITLE STATEMENT | |
| Title | Los jefes : |
| Remainder of title | los cachorros / |
| Statement of responsibility, etc. | Mario Vargas Llosa |
| 260 ## - PUBLICATION, DISTRIBUTION, ETC. | |
| Place of publication, distribution, etc. | Bogotá : |
| Name of publisher, distributor, etc. | El Tiempo, |
| Date of publication, distribution, etc. | ©2001. |
| 300 ## - PHYSICAL DESCRIPTION | |
| Extent | 189 páginas ; |
| Dimensions | 21 cm. |
| 490 0# - SERIES STATEMENT | |
| Series statement | Biblioteca El Tiempo ; |
| Volume/sequential designation | 5 |
| 500 ## - GENERAL NOTE | |
| General note | Incluye datos biográficos del autor en tapa posterior. |
| 505 0# - FORMATTED CONTENTS NOTE | |
| Formatted contents note | Los jefes -- los jefes -- El desafío -- El hermano menor -- Día domingo -- Un visitante -- El abuelo |
| 520 0# - SUMMARY, ETC. | |
| Summary, etc. | Una colección de seis relatos breves, Mario Vargas Llosa ganó en Barcelona el premio Leopardo Alas en 1958. |
| 650 14 - SUBJECT ADDED ENTRY--TOPICAL TERM | |
| Topical term or geographic name entry element | Cuentos peruanos. |
| General subdivision | Historia y crítica. |
| 9 (RLIN) | 14345 |
| 650 24 - SUBJECT ADDED ENTRY--TOPICAL TERM | |
| Topical term or geographic name entry element | Novela peruana. |
| 9 (RLIN) | 14346 |
| 650 24 - SUBJECT ADDED ENTRY--TOPICAL TERM | |
| Topical term or geographic name entry element | Literatura peruana. |
| 9 (RLIN) | 488 |
| 650 24 - SUBJECT ADDED ENTRY--TOPICAL TERM | |
| Topical term or geographic name entry element | Huelgas estudiantiles. |
| Form subdivision | Novela |
| 9 (RLIN) | 14347 |
| 942 ## - ADDED ENTRY ELEMENTS (KOHA) | |
| Source of classification or shelving scheme | Dewey Decimal Classification |
| Koha item type | Books |
| Withdrawn status | Lost status | Source of classification or shelving scheme | Damaged status | Not for loan | Collection code | Home library | Current library | Shelving location | Date acquired | Source of acquisition | Full call number | Barcode | Date last seen | Copy number | Price effective from | Koha item type |
|---|---|---|---|---|---|---|---|---|---|---|---|---|---|---|---|---|
| Dewey Decimal Classification | Fiction | Biblioteca Pública José María del Castillo y Rada | Biblioteca Pública José María del Castillo y Rada | Fiction | 01/04/2022 | Donación | A-N VARj | 201809546 | 03/04/2021 | Ej.1 | Books |